000 00986nam0a22002291 4500
001 rc\4077541
005 20250610234600.0
035 _a(NLR Aleph) 007967261
090 _a8436830
_c8436830
100 _a20130415d1951 |||y0rusy50 ca
101 0 _arus
102 _aRU
105 _ay z |||||
200 1 _aИсследование в области полимеризации под влиянием свободных радикалов
_eТруды Института (1947-1950 гг.)
_fВсесоюз. ордена Трудового красного знамени науч.-исслед. ин-т синтетического каучука им. акад. С.В. Лебедева
210 _a[Ленинград]
_cОбтип Главкаучука
_d1951
215 _a453, [11] с.
_cграф.
_d22
320 _aБиблиогр. в конце статей
801 0 _aRU
_bNLR
_gpsbo
801 1 _aRU
_bELAR
_2rusmarc
852 _aNLR
_j57-5/559
942 _cBOOK
980 _aNB